000 00714nam a2200289Ia 4500
005 20260324141546.0
008 008 260324s9999 xx 000 0 eng d
020 _a9781315861524
037 _aEBOOK
040 _aCRL
040 _beng
040 _cCRL
041 _2eng
041 _aeng
084 _qCRL
100 _aLeslie B. Alexander; Lenard W. Kaye
_91208641
245 0 _aPart-Time Employment for the Low-Income Elderly
245 0 _bExperiences from the Field
260 _bTaylor and Francis
260 _c1997
365 _a
365 _b160
856 _uhttp://www.taylorfrancis.com/books/9781315861524
942 _cEBOOK
999 _c1811868
_d1811868